Убийството (Запис номер 2128)
[ съкратено ]
| 000 -Лидер | |
|---|---|
| Контролно поле с фиксирана дължина | 01262nam a2200325 a 4500 |
| 003 - Код на организацията, давaща контролен номер | |
| Контролно поле | BLK |
| 005 - Дата и час на последна редакция | |
| Контролно поле | 20230724115111.0 |
| 008 - Елементи от данни с фиксирана дължина | |
| fixed length control field | 180412b bul|||||r ||||||| ||bul|| |
| 010 ## - Наследен системен номер | |
| LC control number | KNG00003073000 |
| 020 ## - Международен стандартен номер на книга ISBN | |
| Международен стандартен номер на книга ISBN | 954-8993-12-6 |
| 040 ## - Източник на каталожния запис | |
| Идентификатор на билиотеката - собственик на записа | BLK |
| 041 ## - Код за език | |
| Код за езика на текст/звукозапис или на отделно заглавие | Български |
| Код за езика КДБФ | Български |
| 080 ## - УДК | |
| Текстов определител УДК | Американска литература (на САЩ) |
| УДК код - определител по УДК | 821.111(73) |
| УДК определител | -312.4 |
| УДК - код + определител | 821.111(73)-312.4 |
| 100 1# - Редна дума - Автор | |
| Автор | Спилейн, Мики |
| Авторска отговорност | първи автор |
| Автор - информация (биография) | Морис, Франк |
| R(LIN) | 122690 |
| 139 ## - Редно поле | |
| Редна дума | Спилейн, Мики |
| Авторски знак | Спи - С 57 |
| 245 10 - Сведения за заглавието | |
| Заглавие | Убийството |
| Подзаглавни данни | Кримин. роман |
| Редно поле (дума) | Мики Спилейн; прев. от англ. Петър Марков. |
| 257 ## - Страна на издаване | |
| Страна на създаване/издаване | Съединени американски щати |
| 260 ## - Област на издателските данни | |
| Място на издаване, разпространение и проч. | София |
| Име на издателя, разпространителя и проч. | Дедал |
| Година на издаване | 1994 |
| Печатница | В. Търново : Абагар |
| 300 ## - Физическа характеристика | |
| Страници | 224 с. |
| Размери/Мащаб | 20 см |
| 380 ## - Жанр | |
| Жанр | Худож. лит. |
| 500 ## - Общи забележки | |
| Забележка | Ориг. загл. The Murder / Mickey Spillane ; Мики Спилейн - псевд. на Франк Морис. - 6 500 тир. |
| 700 1# - Други автори (авторска отговорност) | |
| Лично име | Марков, Петър |
| Автороска отговорност (Описва отношението между автора и произведението) | прев. от англ. |
| 9 (RLIN) | 245322 |
| 852 ## - Местоположение | |
| Форматна сигнатура | Цб 176781 |
| Фондова буква | Хранилище |
| 856 4# - Електронен адрес и достъп | |
| Електронен формат | pdf - файл |
| Път до файла /url/ | |
| 856 4# - Електронен адрес и достъп | |
| Електронен формат | pdf - файл |
| Път до файла /url/ | |
| 942 ## - АРТИКУЛИ | |
| Вид на библиотечния материал | Книги |
| Скрит в OPAC | Не |
| 944 ## - СЪЗДАВАНЕ И РЕДАКЦИЯ на ЗАПИСА | |
| Създаване/Редакция | Създаване |
| Дата на регистрацията/редакция | 15.01.2003 |
| Служител, извършил регистрацията/редакцията | 30534 |
| Статус, дата на статуса | Радостина Карадакова |
| 944 ## - СЪЗДАВАНЕ И РЕДАКЦИЯ на ЗАПИСА | |
| Създаване/Редакция | Редакция |
| Дата на регистрацията/редакция | 25.02.2008 |
| 999 ## - СИСТЕМНИ КОНТРОЛНИ НОМЕРА | |
| Koha biblionumber | 2128 |
| Koha biblioitemnumber | 2128 |
| 999 ## - СИСТЕМНИ КОНТРОЛНИ НОМЕРА | |
| Koha biblioitemnumber | 2128 |
| Код за отписване | Код за изгубен артикул | Източник на класификационната схема | Код за повреда | Коз за рестрикции | Код за отдаване | Артикулен № | Име на библиотеката - собственик | Име на библиотеката, в която се намира в момента | Статус (Текущо местоположение) | Дата на вписване в системата | Местоположение - отдел | Цена в лева | Инвентарен номер | Систематично азбучна сигнатура | Баркод | Номер на екземпляра | Цена в евро | Служебна бележка | Служебен тип на артикула |
|---|---|---|---|---|---|---|---|---|---|---|---|---|---|---|---|---|---|---|---|
| Не е изгубен | Universal Decimal Classification | Не е повреден | без рестрикции | ползва се в читалня | 3935 | Регионална библиотека "Любен Каравелов" Русе | Регионална библиотека "Любен Каравелов" Русе | Хранилище | 1994-01-01 | Хранилище | 0.90 | 604428 | Цб 176781 | 120000604428 | 1 | 0.46 | Дост: Dp Вид: Д N: стар фонд Дата: 01.01.1994 | Книги | |
| Изтеглен | Не е изгубен | Universal Decimal Classification | Не е повреден | без рестрикции | заемане за дома | 3936 | Регионална библиотека "Любен Каравелов" Русе | Регионална библиотека "Любен Каравелов" Русе | Заемна - подръчен фонд | 1994-01-01 | Заемна - подръчен фонд | 0.90 | 602800 | П 820(73)-31/С 57 | 602800 | 2 | 0.46 | Дост: Pk Вид: Ф N: стар фонд Дата: 01.01.1994 | Книги |